| 000 | 01234nam a22003497a 4500 | ||
|---|---|---|---|
| 003 | CHAP | ||
| 005 | 20220329143550.0 | ||
| 008 | 100603s2008 mx a r 00010 spa d | ||
| 010 | _a98594 | ||
| 011 | _a99566 | ||
| 020 | _a9786071200334 | ||
| 035 | _a110252 | ||
| 040 | _cCHAP | ||
| 082 | 1 | 4 |
_a808.066378 _bP41 |
| 100 | 0 | 0 |
_aPerales Salvador, Arturo. _987008 |
| 245 | 1 | 0 |
_aMetodología de la investigación: _bguía para elaborar una tesis _c/por Arturo Perales Salvador y Angélica Lastiri Salazar |
| 260 |
_aChapingo, Méx. : _bUACH, _c2008 |
||
| 300 |
_a149 p. : _bilus. |
||
| 590 |
_aBATCH-UPD _b10 _c20130110 _lUCH01 _h1021 |
||
| 590 |
_aBATCH-UPD _b10 _c20130410 _lUCH01 _h0627 |
||
| 590 |
_aBATCH-UPD _b10 _c20130914 _lUCH01 _h1654 |
||
| 590 |
_aCONVERSION _b10 _c20130109 _lUCH01 _h1354 |
||
| 650 | 1 | 4 |
_aInvestigación _xMetodología. _960237 |
| 650 | 1 | 4 |
_aTesis. _9112464 |
| 650 | 1 | 4 |
_aTrabajos científicos _xElaboración. _9114562 |
| 700 | 1 |
_aLastiri Salazar, Angélica. _965052 |
|
| 901 | _aBK | ||
| 911 | _aen proceso | ||
| 942 | _cLIBRO | ||
| 949 |
_a808.066378 P41 _bBC _cLIBRO _d33724002172264 _eLIBRO _fc.2 _gI.c/e _h112781 _i110252 _si |
||
| 949 |
_a808.066378 P41 _bBC _cUACH _d33724002172777 _eUACH _gI.c/e _h112768 _i110252 _sb |
||
| 999 |
_c98594 _d98594 |
||